000 00798nam a2200229Ii 4500
003 JO-AjNU
008 230605s9999||||xx |||||||||||||| ||und||
017 _a2016/5/2112
020 _a978-9957-608-44-6
040 _aJO-AjNU
_bara
_erda
_cJO-AjNU
041 _aara
050 1 4 _aHF5625.R8252 2017
100 3 _aالربيعي، كمال حسن جمعة، م.مشارك فارس جميل حسين الصوفي,
_eauthor
_957931
245 0 0 _aالنظرية المحاسبية = Accounting Theory
250 _aط1
264 3 1 _aعمان: الدار المنهجية للنشر، 2017
300 _a262ص
336 _atext
_btxt
_2rdacontent
337 _aunmediated
_bn
_2rdamedia
338 _avolume
_bnc
_2rdacarrier
650 4 _aالمحاسبة - ادارة الاعمال
_957932
999 _aA25989
_c29557
_d29557